<?xml version="1.0" encoding="UTF-8"?>
<collection xmlns="http://www.loc.gov/MARC21/slim">
<record>
  <controlfield tag="001">1260</controlfield>
  <datafield tag="088" ind1=" " ind2=" ">
    <subfield code="a">WY0201a</subfield>
  </datafield>
  <datafield tag="980" ind1=" " ind2=" ">
    <subfield code="a">59476936857</subfield>
  </datafield>
  <datafield tag="520" ind1=" " ind2=" ">
    <subfield code="a">Suisun, California - West side of Main Street, showing the Post office in the Odd Fellows Building before the fire of 1888. The two store hotel on the right later became of Arlington and a third story was added.</subfield>
  </datafield>
  <datafield tag="960" ind1=" " ind2=" ">
    <subfield code="a">wy</subfield>
  </datafield>
</record>
</collection>